[Event "AUTO-OPEN-4614"]
[Site "http://www.queenalice.com/game.php?id=1862901"]
[Date "2025.9.11"]
[Round "1"]
[White "harvir"]
[Black "IranSilva"]
[Result "0-1"]
[WhiteElo "1773"]
[BlackElo "2276"]

1. e4 e5 2. Bc4 Nf6 3. d4 exd4 4. Nf3 d5 5. exd5 Bb4+ 6. Bd2 Be7 7. O-O O-O 8.
Nxd4 Nbd7 9. Nc3 Nb6 10. Bb3 Bg4 11. f3 Bh5 12. Nf5 Bc5+ 13. Kh1 Nbxd5 14. Ne2
Bg6 15. Nfd4 a6 16. Be1 Ne3 17. Qc1 Nxf1 18. Bc3 Ng3+ 19. hxg3 Nd5 20. Bxd5 Qxd5
21. Nf4 Qd7 22. Nxg6 hxg6 23. Qf4 Rad8 24. Rd1 Bb6 25. Rd3 Qa4 26. a3 Bxd4 0-1

[Event "AUTO-OPEN-4614"]
[Site "http://www.queenalice.com/game.php?id=1862902"]
[Date "2025.9.11"]
[Round "1"]
[White "IranSilva"]
[Black "harvir"]
[Result "1-0"]
[WhiteElo "2277"]
[BlackElo "1771"]

1. Nf3 d5 2. d4 Nf6 3. Bf4 e6 4. e3 c5 5. c3 Nc6 6. Bd3 cxd4 7. cxd4 Be7 8. Nc3
O-O 9. Rc1 Bd7 10. O-O Rc8 11. Nd2 Nb4 12. Bb1 a6 13. a3 Nc6 14. Nf3 Nh5 15. Bg3
Nxg3 16. hxg3 b5 17. Qd3 f5 18. g4 g6 19. gxf5 Rxf5 20. Ne2 Qf8 21. Ng3 Rf7 22.
Rc2 1-0

[Event "AUTO-OPEN-4620"]
[Site "http://www.queenalice.com/game.php?id=1864493"]
[Date "2025.10.19"]
[Round "1"]
[White "harvir"]
[Black "IranSilva"]
[Result "0-1"]
[WhiteElo "1807"]
[BlackElo "2228"]

1. e4 e5 2. Nf3 Nc6 3. d4 exd4 4. Nxd4 Bc5 5. Be3 Qf6 6. c3 Nge7 7. Be2 Bb6 8.
O-O O-O 9. f4 d6 10. e5 dxe5 11. fxe5 Qxe5 12. Qd3 Rd8 13. Bf2 Nxd4 14. Bxd4
Bxd4+ 15. cxd4 Qxd4+ 16. Qxd4 Rxd4 17. Nc3 c6 0-1

[Event "AUTO-OPEN-4620"]
[Site "http://www.queenalice.com/game.php?id=1864494"]
[Date "2025.10.19"]
[Round "1"]
[White "IranSilva"]
[Black "harvir"]
[Result "0-1"]
[WhiteElo "2269"]
[BlackElo "1777"]

1. Nf3 c5 2. g3 Nc6 3. Bg2 d5 4. O-O e5 5. d3 Bd6 6. e4 d4 7. c4 Nge7 8. a4 Ng6
9. Bg5 f6 10. Bd2 a5 11. Na3 Nb4 12. Bxb4 axb4 13. Nb5 Be7 14. b3 Bd7 15. Qd2
O-O 16. h4 Qb6 17. h5 Nh8 18. Kh2 Nf7 19. Bh3 Bxh3 20. Kxh3 Ng5+ 21. Nxg5 fxg5
22. f4 gxf4 23. gxf4 exf4 24. Rxf4 Qe6+ 25. Rg4 Rf3+ 0-1

[Event "AUTO-OPEN-4624"]
[Site "http://www.queenalice.com/game.php?id=1865595"]
[Date "2025.11.15"]
[Round "1"]
[White "harvir"]
[Black "SGF"]
[Result "1-0"]
[WhiteElo "1769"]
[BlackElo "1729"]

1. e4 e5 2. Nf3 Qf6 3. Nc3 c6 4. d4 d6 5. Bg5 Qg6 6. dxe5 h6 7. Bh4 Bg4 8. exd6
Qxd6 9. Bc4 Qxd1+ 10. Rxd1 Bb4 11. Rd8# 1-0

[Event "AUTO-OPEN-4624"]
[Site "http://www.queenalice.com/game.php?id=1865623"]
[Date "2025.11.15"]
[Round "1"]
[White "chessman"]
[Black "harvir"]
[Result "1-0"]
[WhiteElo "2068"]
[BlackElo "1751"]

1. e4 c6 2. d4 d5 3. Nc3 e6 4. e5 Bb4 5. a3 Ba5 6. Nf3 Ne7 7. Bd3 Nd7 8. O-O b5
9. b4 Bb6 10. Ne2 h6 11. c3 O-O 12. a4 a6 13. a5 Bc7 14. Bc2 1-0

[Event "AUTO-OPEN-4628"]
[Site "http://www.queenalice.com/game.php?id=1866566"]
[Date "2025.12.4"]
[Round "1"]
[White "harvir"]
[Black "bmax"]
[Result "0-1"]
[WhiteElo "1783"]
[BlackElo "2263"]

1. d4 d5 2. Nf3 c6 3. Bf4 Bf5 4. e3 e6 5. Bd3 Nf6 6. Bxf5 exf5 7. Qd3 Ne4 8. Ne5
f6 9. Nf3 Na6 10. a3 g5 11. Bg3 Qd7 12. Qe2 h5 13. h3 Nxg3 14. fxg3 Bd6 15. Qd3
Bxg3+ 16. Kd2 O-O-O 17. b4 Rhe8 18. Rf1 Re4 19. Nc3 Re7 20. Na4 f4 21. Nc5 fxe3+
22. Ke2 Nxc5 23. bxc5 g4 24. Ng1 Bf2 25. a4 gxh3 26. gxh3 Rg8 27. Rab1 Rg2 28.
Kf3 Rxg1 29. Rxg1 Qxh3+ 30. Ke2 Bxg1 31. Rxg1 Qh2+ 32. Kf1 e2+ 0-1

[Event "AUTO-OPEN-4628"]
[Site "http://www.queenalice.com/game.php?id=1866569"]
[Date "2025.12.4"]
[Round "1"]
[White "Capixabba789"]
[Black "harvir"]
[Result "0-1"]
[WhiteElo "1868"]
[BlackElo "1752"]

1. d4 d5 2. Nc3 Nf6 3. f4 e6 4. Nf3 Bb4 5. Bd2 c6 6. e3 Nbd7 7. Bd3 Nb6 8. O-O
Nc4 9. Qc1 Nxd2 10. Qxd2 h6 11. Ne5 Nd7 12. f5 Nxe5 13. dxe5 d4 14. exd4 Qxd4+
15. Kh1 Qxe5 16. fxe6 Bxe6 17. Rae1 Qh5 18. Qf2 O-O 19. Qf4 Rad8 20. a3 Bd6 21.
Bh7+ Kxh7 22. Qe4+ Kg8 0-1